History Quiz

Random History or War Quiz

Countries by % population killed in WW2 Quiz Stats

 Plays Quiz not verified by Sporcle

Support Sporcle.
Go Orange.
Score 0/10 Timer 10:00
2 Plays Today
% population killed Country % Correct
9.9%Germany
97.1%
14.2%Soviet Union
96%
16.7%Poland
88%
11.15%Greece
39.6%
6.67%Yugoslavia
38.7%
13.71%Lithuania
29%
11.38%Latvia
28.9%
6.87%Singapore
11.1%
14.7%Nauru
4.4%
14%Portuguese Timor
3.1%

You're not logged in!

Compare scores with friends on all Sporcle quizzes.
OR
Log In

From the Vault

2016 March Madness Bracket

by mhershfield

This quiz is just another reminder of all the sad, busted brackets out there.
Remove Ads.
Support Sporcle.
Get the best of Sporcle when you Go Orange. This ad-free experience offers more features, more stats, and more fun while also helping to support Sporcle. Thank you for becoming a member.

Show Comments

Extras

Top Quizzes Today


Score Distribution

Your Account Isn't Verified!

In order to create a playlist on Sporcle, you need to verify the email address you used during registration. Go to your Sporcle Settings to finish the process.

Report this User

Report this user for behavior that violates our Community Guidelines.

Details: